| 000 | 00468nam a2200169 i 4500 | ||
|---|---|---|---|
| 001 | 23020 | ||
| 003 | ES-MaACL | ||
| 005 | 20230906152811.0 | ||
| 007 | t| | ||
| 008 | 021205s1973 sp ||||1| spa d | ||
| 100 | 1 |
_aAlonso, Martín. _920234 |
|
| 245 | 1 | 0 |
_aHistoria de la literatura mundial / _cMartín Alonso. |
| 250 | _a[2ª ed.]. | ||
| 260 |
_a[Madrid : _bEDAF, _c1973] |
||
| 300 |
_a2 v., 97 lám. n. y col. ; _c22 cm. |
||
| 852 |
_aES-MaACL _jC-53433-4 _bR.86417 |
||
| 999 |
_c23020 _d23020 |
||